Loading...

Oru sangeerthanam pole daivathinte kalloppu /

Bibliographic Details
Main Author: Shukoor, P. M.
Language:Undetermined
Published: Aluva : Rosbin Book Shop , 2001.
Subjects:
LEADER 00901nam a2200193Ia 4500
001 159289
008 170722s9999 xx 000 0 und d
020 |a 8188019038 
100 |a Shukoor, P. M. 
245 |a Oru sangeerthanam pole daivathinte kalloppu / 
260 |a Aluva :  |b Rosbin Book Shop ,  |c 2001. 
300 |a 110p 
653 |a Malayalam Novel 
923 |d 20081022  |n 775 
942 |c GEN 
999 |c 138133  |d 138133 
952 |0 0  |1 0  |4 0  |6 O_323NSHIORG_P1KRP14  |7 0  |9 195191  |a LIB  |b LIB  |d 2013-03-25  |e SIB  |l 4  |o O32,3NSHI,OR;g P1(KR)-P1;4  |p 269374  |r 2020-02-06  |s 2020-01-10  |v 50.00  |w 2017-08-12  |y GEN 
952 |0 0  |1 0  |4 0  |6 O_323NSHIORG_P1KRP14  |7 0  |9 195192  |a LIB  |b LIB  |d 2013-03-25  |e SIB  |o O32,3NSHI,OR;g P1(KR)-P1;4  |p 269375  |r 2017-08-12  |v 50.00  |w 2017-08-12  |y GEN 
952 |0 0  |1 0  |4 0  |6 O_323NSHIORG_P1KRP14  |7 0  |9 195193  |a LIB  |b LIB  |d 2013-03-25  |e SIB  |l 4  |o O32,3NSHI,OR;g P1(KR)-P1;4  |p 269376  |r 2019-05-21  |s 2018-12-31  |v 50.00  |w 2017-08-12  |y GEN